No Complaints by Noah Kahan - Lyrics Quiz - Statistics

General Stats
  • This quiz has been taken 95 times
  • The average score is 229 of 294
Answer Stats
Answer % Correct
i
98%
a
97%
no
95%
and
94%
the
94%
to
92%
complain?
91%
complain
91%
it
91%
in
88%
my
88%
who
88%
for
86%
got
85%
am
83%
with
82%
just
80%
like
80%
so
80%
head
79%
as
77%
end
77%
pain
77%
something
77%
hole
76%
middle
76%
now
76%
pen
76%
saw
76%
that
76%
but
74%
dad
74%
how
74%
medication
74%
of
74%
prescription
74%
had
73%
nothing
73%
page
73%
paper
73%
then
73%
thought
73%
was
73%
blame
71%
cry
71%
filled
71%
forgot
71%
same
71%
that's
71%
better
70%
having
70%
space
70%
bad
68%
escape
68%
at
67%
different
67%
feel
67%
get
67%
looked
67%
looks
67%
raised
67%
finally
65%
mad
65%
world
65%
ain't
64%
i'm
64%
weather
64%
weight
64%
can
62%
love
62%
pain's
62%
sewed
62%
up
62%
afraid
61%
months
61%
punches
61%
seen
61%
showed
61%
time
61%
tried
61%
being
59%
boring
59%
it's
59%
still
59%
escapes
58%
exists
58%
news
58%
noticed
58%
pull
58%
rage
58%
set
58%
where
58%
young
58%
makes
56%
fine
55%
livin'
52%
dreams
50%
heals
50%
hope
50%
skin
50%
asleep
48%
distant
48%
eat
48%
enters
48%
yes
48%
fake
47%
fall
47%
rain
45%
can't
41%
vision
38%
evades
36%
well
32%
No matching quizzes found
Score Distribution
Percent of People with Each Score
Percentile by Number Answered
Your Score History
You have not taken this quiz